|
|
|
|
| LEADER |
01078nab a2200289 i 4500 |
| 001 |
publ12610 |
| 005 |
20210802125816.0 |
| 008 |
180103s2017 hu o 0|| zxx d |
| 022 |
|
|
|a 0175-7598
|
| 024 |
7 |
|
|a 10.1007/s00253-017-8553-5
|2 doi
|
| 024 |
7 |
|
|a 3289222
|2 mtmt
|
| 040 |
|
|
|a SZTE Publicatio Repozitórium
|b hun
|
| 041 |
|
|
|a zxx
|
| 100 |
1 |
|
|a Hegedüs Botond
|
| 245 |
1 |
0 |
|a Starvation- and xenobiotic-related transcriptomic responses of the sulfanilic acid-degrading bacterium, Novosphingobium resinovorum SA1
|h [elektronikus dokumentum] /
|c Hegedüs Botond
|
| 260 |
|
|
|a Springer-Verlag Wien
|c 2017
|
| 300 |
|
|
|a 305-318
|
| 490 |
0 |
|
|a APPLIED MICROBIOLOGY AND BIOTECHNOLOGY
|v 102 No. 1
|
| 700 |
0 |
1 |
|a Kós Péter
|e aut
|
| 700 |
0 |
1 |
|a Bende Gábor
|e aut
|
| 700 |
0 |
1 |
|a Bounedjoum Naila
|e aut
|
| 700 |
0 |
1 |
|a Maróti Gergely
|e aut
|
| 700 |
0 |
1 |
|a Laczi Krisztián
|e aut
|
| 700 |
0 |
1 |
|a Szuhaj Márk
|e aut
|
| 700 |
0 |
1 |
|a Perei Katalin
|e aut
|
| 700 |
0 |
1 |
|a Rákhely Gábor
|e aut
|
| 856 |
4 |
0 |
|u http://publicatio.bibl.u-szeged.hu/12610/1/Hegedus_etal_AMAB_SA_transcriptomics_u.pdf
|z Dokumentum-elérés
|